[Event "GBR-ch Seniors"]
[Site "Edinburgh"]
[Date "2003.07.29"]
[Round "4"]
[White "Rose, Anthony C"]
[Black "MacRae, James"]
[Result "1-0"]
[WhiteElo "1552"]
[BlackElo "1560"]
[PlyCount "121"]
[EventDate "2003.07.26"]
[EventType "swiss"]
[EventRounds "7"]
[EventCountry "SCO"]
[SourceTitle "EXT 2007"]
[Source "ChessBase"]
[SourceDate "2006.11.23"]
[SourceVersion "1"]
[SourceVersionDate "2006.11.23"]
[SourceQuality "1"]

1. d4 d5 2. c4 Nc6 3. Nc3 dxc4 4. d5 Ne5 5. e4 e6 6. Nf3 Bd6 7. Nxe5 Bxe5 8. Bxc4 Qd6 9. dxe6 Bxc3+ 10. bxc3 Qxd1+ 11. Kxd1 Bxe6 12. Bxe6 fxe6 13. Ke2 0-0-0 14. Bg5 Rd7 15. Rhd1 Nf6 16. f3 b5 17. Rxd7 Kxd7 18. a4 a6 19. axb5 axb5 20. Ra5 Rb8 21. Bf4 Ne8 22. Kd3 Nd6 23. Ra7 Ne8 24. Be5 Kc6 25. Ra6+ Kd7 26. h4 Rc8 27. g4 Ke7 28. Ra7 Kd7 29. f4 Nf6 30. f5 Ne8 31. g5 exf5 32. exf5 Ke7 33. Ke4 Kd7 34. h5 Rb8 35. Ra2 Ke7 36. Rf2 Rb6 37. Kd5 c6+ 38. Kc5 Ra6 39. f6+ gxf6 40. Bxf6+ Kf7 41. Bd4+ Kg8 42. Be5 Ng7 43. h6 Ne6+ 44. Kd6 c5+ 45. Kd7 Ra8 46. Kxe6 b4 47. cxb4 cxb4 48. Rf4 Re8+ 49. Kd5 Rc8 50. Rxb4 Kf7 51. Rb6 Rd8+ 52. Rd6 Ra8 53. Rf6+ Kg8 54. Bd6 Rc8 55. Rf1 Re8 56. Rb1 Kf7 57. Rb7+ Kg6 58. Be7 Rg8 59. Bf6 Rf8 60. Ke6 Re8+ 61. Re7 1-0

[Event "GBR-ch Seniors"]
[Site "Edinburgh"]
[Date "2003.07.27"]
[Round "2"]
[White "Rose, Anthony C"]
[Black "Smith, David"]
[Result "1-0"]
[WhiteElo "1552"]
[BlackElo "1712"]
[PlyCount "81"]
[EventDate "2003.07.26"]
[EventType "swiss"]
[EventRounds "7"]
[EventCountry "SCO"]
[SourceTitle "EXT 2007"]
[Source "ChessBase"]
[SourceDate "2006.11.23"]
[SourceVersion "1"]
[SourceVersionDate "2006.11.23"]
[SourceQuality "1"]

1. d4 f5 2. Bg5 Nf6 3. Bxf6 exf6 4. a3 Be7 5. e3 0-0 6. Nc3 d5 7. Nf3 Nc6 8. Bd3 Be6 9. Ne2 g6 10. Nd2 Kg7 11. h4 Bd6 12. c4 b6 13. b4 Re8 14. c5 bxc5 15. bxc5 Bf8 16. Bb5 Bd7 17. Qa4 Nb8 18. Bxd7 Qxd7 19. Qxd7+ Nxd7 20. Nf4 c6 21. 0-0 g5 22. hxg5 fxg5 23. Nd3 a5 24. a4 Kf6 25. Rab1 Reb8 26. Rxb8 Rxb8 27. Rb1 Rxb1+ 28. Nxb1 Be7 29. Nd2 Bd8 30. g3 Bc7 31. Kg2 h5 32. f3 Nf8 33. f4 gxf4 34. gxf4 Ng6 35. Nf3 Ke6 36. Kh3 Bd8 37. Nde5 Ne7 38. Ng5+ Kf6 39. Kh4 Ng6+ 40. Kxh5 Nxe5 41. fxe5+ 1-0